Groupes France Coupe du Monde depuis 1930 - Statistiques

Statistiques générales
  • Ce quiz a été pris 178 fois
  • Le résultat moyen est 35 sur 41
Statistiques - réponses
Réponse % Correct
Danemark
99%
Danemark
99%
Danemark
99%
Australie
97%
Suisse
97%
Suisse
97%
Uruguay
97%
Uruguay
97%
Uruguay
97%
Afrique du Sud
95%
Afrique du Sud
95%
Italie
93%
Mexique
93%
Mexique
93%
Mexique
93%
Mexique
93%
Pérou
93%
Sénégal
92%
Argentine
91%
Argentine
91%
Corée du Sud
89%
Angleterre
88%
Angleterre
88%
Arabie Saoudite
86%
Brésil
86%
Honduras
86%
Belgique
81%
Chili
79%
Equateur
79%
URSS
76%
Hongrie
75%
Hongrie
75%
Togo
72%
Yougoslavie
72%
Yougoslavie
72%
Autriche
71%
Canada
70%
Ecosse
65%
Paraguay
65%
Tchécoslovaquie
64%
Koweit
55%
Aucun quiz correspondant
Distribution des résultats
% des personnes avec chaque résultat
Percentile par nombre de réponses
Votre historique - résultats
Vous n’avez pas pris ce quiz